Rios,Montañas, y Capitales Cerca de España - Statistics

General Stats
  • This quiz has been taken 105 times
  • The average score is 7 of 16
Answer Stats
Hint Answer % Correct
Portugal Lisboa
77%
Francia Paris
77%
E Ebro
75%
España Madrid
75%
D Duero
73%
T Tajo
70%
G Guadalquivir
69%
Islas Baleares Palma
42%
Islas Canarias Palma
42%
P Pirineos
34%
G Guadarrama
8%
N Nevada
7%
M Morena
3%
C Cantabricas
1%
G Guadalupe
1%
G Guidiana
1%
No matching quizzes found
Score Distribution
Percent of People with Each Score
Percentile by Number Answered
Your Score History
You have not taken this quiz